Statistiques concernant Équipe de France de football à la coupe du monde 1998

Cliquez ici pour prendre le quiz!

Statistiques générales

  • Ce quiz a été pris 2,523 fois
    (2,076 depuis la dernière actualisation)
  • Le résultat moyen est 17 sur 23

Statistiques - réponses

Poste Club Joueur % Correct
MJuventusZinédine Zidane
99%
GAS MonacoFabien Barthez
95%
AAS MonacoThierry Henry
93%
MJuventusDidier Deschamps
92%
DBayern MunichBixente Lizarazu
87%
DParme FCLilian Thuram
87%
DOlympique de MarseilleLaurent Blanc
86%
MArsenalEmmanuel Petit
85%
AAS MonacoDavid Trezeguet
81%
DAC MilanMarcel Desailly
79%
Sélectionneur-Aimé Jacquet
73%
AOlympique de MarseilleChristophe Dugarry
72%
MInter MilanYouri Djorkaeff
72%
MArsenalPatrick Vieira
71%
GWest HamBernard Lama
70%
DChelseaFrank Leboeuf
69%
AAJ AuxerreStéphane Guivarc'h
67%
MFC MetzRobert Pirès
65%
MReal MadridChristian Karembeu
61%
GAJ AuxerreLionel Charbonnier
50%
DAS RomeVincent Candela
49%
AAJ AuxerreBernard Diomède
43%
MSampdoriaAlain Boghossian
40%

Distribution des résultats

Percentile par nombre de réponses

% des personnes avec chaque résultat

Votre développement - résultats

Vous n’avez pas pris ce quiz depuis la dernière actualisation